| 000 -LEADER |
| fixed length control field |
00916nam a22001817a 4500 |
| 005 - DATE AND TIME OF LATEST TRANSACTION |
| control field |
20231221123535.0 |
| 008 - FIXED-LENGTH DATA ELEMENTS--GENERAL INFORMATION |
| fixed length control field |
231221s1960 ru ||||| |||| 00| 0 rus d |
| 041 ## - LANGUAGE CODE |
| Language code of text/sound track or separate title |
rus |
| 080 ## - UNIVERSAL DECIMAL CLASSIFICATION NUMBER |
| Universal Decimal Classification number |
94(398) И-75 |
| 100 ## - MAIN ENTRY--PERSONAL NAME |
| Personal name |
Иордан |
| 9 (RLIN) |
20836 |
| 245 ## - TITLE STATEMENT |
| Title |
"О происхождении и деяниях гетов" : |
| Remainder of title |
Getica / |
| Statement of responsibility, etc. |
Иордан; Вступительная статья, перевод, комментарий Е. Ч. Скржинской. |
| 264 ## - PRODUCTION, PUBLICATION, DISTRIBUTION, MANUFACTURE, AND COPYRIGHT NOTICE |
| Place of production, publication, distribution, manufacture |
М.: |
| Name of producer, publisher, distributor, manufacturer |
Издательство восточной литературы, |
| Date of production, publication, distribution, manufacture, or copyright notice |
1960. |
| 300 ## - PHYSICAL DESCRIPTION |
| Extent |
436 с.; |
| Other physical details |
23 см. |
| 440 ## - SERIES STATEMENT/ADDED ENTRY--TITLE |
| Title |
Памятники средневековой истории народов Центральной и Восточной Европы |
| 9 (RLIN) |
20837 |
| 653 ## - INDEX TERM--UNCONTROLLED |
| keyword |
გეთაების წარმოშობისა და ღვაწლის შესახებ |
| 653 ## - INDEX TERM--UNCONTROLLED |
| keyword |
ისტორია |
| 942 ## - ADDED ENTRY ELEMENTS (KOHA) |
| Source of classification or shelving scheme |
|
| Koha item type |
წიგნი |